| 000 | 00576nam a22001937a 4500 | ||
|---|---|---|---|
| 005 | 20251108164728.0 | ||
| 008 | 250721s1991 xx 000 0 ara d | ||
| 082 | 1 | 4 | _a614.88/فري |
| 100 | 1 | _aفريحات، حكمت عبد الكريم | |
| 245 | 1 | 0 | _aأسس الإسعاف الأولي و الفوري / |
| 250 | _aط2. | ||
| 264 | 1 |
_aعمان : _bدار الشروق، _c1991. |
|
| 300 | _a239ص. | ||
| 650 | 1 | 7 | _aالإسعاف الأولي |
| 700 | 1 | _aالحمود، محمد طه | |
| 700 | 1 | _aأبو الرب، صلاح | |
| 942 |
_2ddc _cBK |
||
| 999 |
_c12888 _d12888 |
||